01286aam a2200349 a 4500001001000000003000400010005001700014008004100031020002500072020002200097040003000119043001200149082002200161100003000183245007100213250001200284260006100296300003300357500002400390504003100414610001800445650002200463650004300485650006900528651004500597651005800642653002200700655002400722942002200746999001700768952015100785015874021OSt20140324102828.0120208s2012 xxkb frb 001 0 eng d a9780230319264 (hbk.) a0230319262 (hbk.) aStDuBDSbengcStDuBDSdUk aas-----04a341.2473222bJON1 aJones, Lee,d1981-93575810aASEAN sovereignty and intervention in Southeast Asia /cLee Jones. a1st ed. aHampshire, United Kingdom :bPalgrave Macmillan,c2012. axvi, 262 p. :bmap ;c23 cm. aIndex : p. 253-262. aBibliography : p. 234-252.20aASEAN.935759 0aSovereignty99312 0aIntervention (International law)99318 0aRegionalism (International organization)zSoutheast Asia.935760 0aSoutheast AsiaxForeign relations932251 0aSoutheast AsiaxPolitics and governmenty1945-912044 bBUSBOLcMarch2014 vreading book934232 2ddck341.2473 JON c18161d18133 00102ddc40708BaccahaMAINbMAINc1STd2014-03-24epurchaseg560.00l2m7o341.2473 JONp000035793r2025-07-15 00:00:00s2018-10-22v700.00yBB